LEADER 01462nam0 22003133i 450 001 VAN0122640 005 20190715100315.65 010 $a978-88-15-27823-4 100 $a20190715d2018 |0itac50 ba 101 $aita 102 $aIT 105 $a|||| ||||| 200 1 $aFonti normative$fAndrea Morrone 210 $aBologna$cIl mulino$d2018 215 $a269 p.$d24 cm. 410 1$1001VAN0005531$12001 $aStrumenti. Diritto$1210 $aBologna$cIl Mulino. 606 $aNorme giuridiche$3VANC029396$2SG 620 $dBologna$3VANL000003 700 1$aMorrone$bAndrea$3VANV002625$0280580 712 $aIl Mulino $3VANV107886$4650 801 $aIT$bSOL$c20230616$gRICA 899 $aBIBLIOTECA DEL DIPARTIMENTO DI ECONOMIA$1IT-CE0106$2VAN03 912 $aVAN0122640 950 $aBIBLIOTECA DEL DIPARTIMENTO DI GIURISPRUDENZA$d00CONS VIII.Ee.45 $e00UBG4460 20190715 950 $aBIBLIOTECA DEL DIPARTIMENTO DI GIURISPRUDENZA$d00CONS VIII.Ee.45 bis $e00UBG4528 20190723 950 $aBIBLIOTECA DEL DIPARTIMENTO DI GIURISPRUDENZA$d00CONS VIII.Ee.45 ter $e00UBG5287 20200708 950 $aBIBLIOTECA DEL DIPARTIMENTO DI ECONOMIA$d03PREST IVEd8 $e03BDE2080 20200410 996 $aFonti normative$91538160 997 $aUNICAMPANIA LEADER 00813nam2 22002293i 450 001 VAN0277525 005 20240610123159.989 100 $a20240610d2015 |0itac50 ba 101 $amul 102 $aIT 105 $a|||| ||||| 200 1 $a[2]$fAntonino Di Vita 210 $aRoma$cL'Erma di Bretschneider$d2015 215 $aVI, [490]-998 p., 28 p.$cill.$d30 cm 461 1$1001VAN0277510$12001 $aScritti africani$fAntonino Di Vita$ga cura di M.A. Rizzo Di Vita e G. Di Vita Evrard$1210 $aRoma$cL'Erma di Bretschneider$d2015$1215 $a 2 volumi$cill.$d30 cm 620 $dRoma$3VANL000360 700 1$aDi Vita$bAntonino$3VANV052495$0169513 712 02$aL'erma di Bretschneider$ceditore$3VANV108245 801 $aIT$bSOL$c20240614$gRICA 912 $aVAN0277525 996 $a2$94164020 997 $aUNICAMPANIA